00246nam a2200073 4500082000800000100001400008245010200022260004800124 aKAZ aKazi, M.A aPresidential Address by Allama I I Kazi delivered on Occasion of the New Year Day on 1st Jan 1954 aJamshoro:bAllama I I Kazi Memorial,c1989.